Online Catalogue and eLibrary

Women Fighters of Liberation Tigers : (Record no. 521)

MARC details
000 -LEADER
fixed length control field 00389nam a22001457a 4500
005 - DATE AND TIME OF LATEST TRANSACTION
control field 20240229053118.0
008 - FIXED-LENGTH DATA ELEMENTS--GENERAL INFORMATION
fixed length control field 240229b |||||||| |||| 00| 0 eng d
082 ## - DDC Classification
DDC Edition Number 22
Class No. 322.42
Item Number - Author Mark ADE.
100 ## - MAIN ENTRY--PERSONAL NAME
Personal name Ann, Adele.
245 ## - TITLE STATEMENT
Title Women Fighters of Liberation Tigers :
Statement of responsibility, etc. 1993.
260 ## - PUBLICATION, DISTRIBUTION, ETC.
Place of publication, distribution, etc. Jaffna :
Name of publisher, distributor, etc. Publication Section LTTE /
Date of publication, distribution, etc. 1993.
300 ## - PHYSICAL DESCRIPTION
Extent (e.g. Volumes, Pages etc.) 11 p.,History.
650 ## - SUBJECT ADDED ENTRY--TOPICAL TERM
Topical term or geographic name entry element History.
942 ## - Koha item type (Biblio)
Koha item type Books in Stacks (Lending)
Holdings
Lost status Damaged status Collection code Home library Current library Date acquired Full call number Accession Number Item type
    Lending WERC Library WERC Library 02/29/2024 322.42 ADE. 3143 Books in Stacks (Lending)

© WERC Library